000
00193nam a2200085Ia 4500
008
120527s9999 xx 000 0 und d
100
_a
KLUNLOGEL, A
245
_a
Rigid frame formulas
942
_c
BK
999
_c
25628
_d
25628